Central Library OPAC University of Rajshahi

Modern methods and techniques of teaching / (Record no. 49911)

MARC details
000 -LEADER
fixed length control field 00912nam a2200253 a 4500
001 - CONTROL NUMBER
control field 49911
003 - CONTROL NUMBER IDENTIFIER
rucl marc code BD-RjUL
005 - DATE AND TIME OF LATEST TRANSACTION
control field 20211209075430.0
008 - FIXED-LENGTH DATA ELEMENTS--GENERAL INFORMATION
fixed length control field 160823r19551948nyua b 000 0 eng
035 ## - SYSTEM CONTROL NUMBER
System control number (BD-RjUL)50031
040 ## - CATALOGING SOURCE
Original cataloging agency DLC
Transcribing agency OTU
Modifying agency NcRS
-- OCoLC
-- DLC
-- BD-RjUL
Language of cataloging eng
041 ## - LANGUAGE CODE
Language code of text/sound track or separate title eng
082 ## - DEWEY DECIMAL CLASSIFICATION NUMBER
Classification number 371.3
Edition number 23
Author mark and year YOM 1955
100 1# - MAIN ENTRY--PERSONAL NAME
Personal name Yoakam, Gerald A.
Fuller form of name (Gerald Alan),
Dates associated with a name 1887-
9 (RLIN) 149587
245 10 - TITLE STATEMENT
Title Modern methods and techniques of teaching /
Statement of responsibility, etc. by Gerald A. Yoakam and Robert G. Simpson. A revision of An introduction to teaching and learning.
260 ## - PUBLICATION, DISTRIBUTION, ETC. (IMPRINT)
Place of publication, distribution, etc. New York :
Name of publisher, distributor, etc. The Macmillan Company,
Date of publication, distribution, etc. 1948 [printing 1955]
300 ## - PHYSICAL DESCRIPTION
Pagination viii, 435 p. ;
Size 22 cm.
500 ## - GENERAL NOTE
General note Includes Index
650 #0 - SUBJECT ADDED ENTRY--TOPICAL TERM
Topical term or geographic name as entry element Teaching.
9 (RLIN) 149588
Topical term or geographic name as entry element Educational psychology.
9 (RLIN) 149589
Topical term or geographic name as entry element Learning, Psychology of.
9 (RLIN) 133314
700 1# - ADDED ENTRY--PERSONAL NAME
Personal name Simpson, Robert Gilkey,
Dates associated with a name 1890-
Relator term joint author.
942 ## - ADDED ENTRY ELEMENTS (KOHA)
Source of classification or shelving scheme Dewey Decimal Classification
Koha item type Books
Holdings
Lost status Source of classification or shelving scheme Damaged status Not for loan Collection code Permanent Location Current Location Shelving location Date acquired Source of acquisition Cost, normal purchase price Total Checkouts Full call number Date last seen Copy number Koha item type
  Dewey Decimal Classification     Non-fiction Central Library, University of Rajshahi Central Library, University of Rajshahi   19/12/1956 West Pak.Pub.Com. 25.00   371.3 YOM 1955 23/08/2016 C-2 Books